|
|
|
|
| LEADER |
01288nam a2200313 4500 |
| 001 |
41344 |
| 003 |
BD-DhAAL |
| 005 |
20230723113142.0 |
| 008 |
230723t20062004ii ||||| b||| 001 0 eng d |
| 020 |
|
|
|a 9780195684377
|
| 020 |
|
|
|a 0195684370
|
| 040 |
|
|
|a BD-DhAAL
|d BD-DhAAL
|
| 082 |
|
|
|a 339.530954
|2 23
|
| 245 |
|
|
|a Corporate governance, economic reforms, and development :
|b the Indian experience /
|c edited by Darryl Reed and Sanjoy Mukherjee.
|
| 260 |
|
|
|a New Delhi ;
|a New York :
|b Oxford University Press,
|c 2006.
|
| 300 |
|
|
|a xxv, 270 pages ;
|c 22 cm.
|
| 504 |
|
|
|a Includes bibliographical references.
|
| 520 |
|
|
|a Contributed articles.
|
| 541 |
|
|
|a Donated By Akbar Ali Khan
|e 41344
|
| 650 |
|
|
|a Corporate governance
|z India.
|9 55153
|
| 651 |
|
|
|a India
|x Economic policy
|y 1991-
|
| 651 |
|
|
|a India
|x Economic conditions
|y 1947-
|
| 651 |
|
|
|a India
|x Economic conditions
|y 21st century.
|9 593
|
| 700 |
|
|
|a Reed, Darryl.
|9 55154
|
| 700 |
|
|
|a Mukherjee, Sanjoy.
|9 55155
|
| 852 |
|
|
|a Ayesha Abed Library
|
| 942 |
|
|
|2 ddc
|c BK
|
| 999 |
|
|
|c 46007
|d 46007
|
| 952 |
|
|
|0 0
|1 0
|2 ddc
|4 0
|6 339_530954000000000_COR
|7 1
|9 74099
|a BRACUL
|b BRACUL
|c AAKC
|d 2023-07-23
|g 3124.31
|l 0
|o 339.530954 COR
|p 3010041344
|r 2023-07-23
|t 1
|v 3124.31
|w 2023-07-23
|y BK
|x price are not available in book (collected from amazon.com )
|